[Event "30th ECh U20"]
[Site "Baku AZE"]
[Date "2002.07.19"]
[Round "6"]
[White "Cernousek, Lukas"]
[Black "Gozzoli, Yannick"]
[Result "0-1"]
[WhiteElo "2294"]
[BlackElo "2373"]
[EventDate "2002.07.14"]
[PlyCount "116"]

1.e4 e5 2.Nf3 Nc6 3.Nc3 Nf6 4.d4 exd4 5.Nd5 Nb4 6.Bc4 Nfxd5 7.exd5 Qe7+ 8.
Kd2 Qc5 9.Qe2+ Be7 10.Re1 b5 11.Bb3 Bb7 12.Qe5 Nxd5 13.Qxd4 Qd6 14.Qe5 Kf8
15.c3 f6 16.Qxd6 Bxd6 17.Nd4 a6 18.Kc2 c5 19.Nf5 Bc7 20.a4 c4 21.Ba2 g6 
22.Ng3 Kg7 23.b3 Rhe8 24.Rxe8 Rxe8 25.bxc4 Nxc3 26.axb5 axb5 27.Bb2 Nxa2 
28.Rxa2 bxc4 29.Ra7 Rb8 30.Bd4 Be5 31.Kc3 Kf7 32.Kxc4 Ke6 33.Bxe5 fxe5 34.
f3 Bd5+ 35.Kc3 Rb1 36.Ne4 Bxe4 37.fxe4 Rh1 38.h3 Rd1 39.Ra6+ d6 40.Ra2 h5 
41.Re2 h4 42.Re3 Rd4 43.Re1 Kf6 44.Re3 g5 45.Re1 g4 46.hxg4 Kg5 47.Re3 
Kxg4 48.Kc2 Kf4 49.Rh3 Kxe4 50.Rxh4+ Ke3 51.Rh6 d5 52.Rg6 e4 53.g4 Rd2+ 
54.Kc1 Rg2 55.g5 d4 56.Rg8 d3 57.g6 Rg1+ 58.Kb2 d2 0-1

[Event "30th ECh U20"]
[Site "Baku AZE"]
[Date "2002.07.19"]
[Round "6"]
[White "Davidov, Samir"]
[Black "Lotscher, Roland"]
[Result "0-1"]
[WhiteElo "2248"]
[BlackElo "2288"]
[EventDate "2002.07.14"]
[PlyCount "150"]

1.e4 c5 2.Nf3 d6 3.d4 cxd4 4.Nxd4 Nf6 5.Nc3 g6 6.f4 Nc6 7.Be3 Bg7 8.Be2 
O-O 9.O-O Qb6 10.Qd3 Ng4 11.Nd5 Bxd4 12.Nxb6 Bxe3+ 13.Kh1 Bxb6 14.Bxg4 
Bxg4 15.c3 Be6 16.b3 Rad8 17.f5 Ne5 18.Qd2 Bd7 19.Rf4 f6 20.Re1 g5 21.Rff1
Kg7 22.a4 a5 23.Qc2 Ra8 24.h3 h5 25.Kh2 h4 26.Qe2 Rac8 27.Rc1 Rc7 28.Qd2 
Rfc8 29.Rfe1 Be8 30.Rc2 Bf7 31.c4 Ra8 32.Rf1 Rc5 33.Rc3 Rh8 34.Qe1 Nd7 35.
Rf2 Re5 36.Re2 Bh5 37.Ra2 Nc5 38.Re3 Na6 39.Rc3 Bc5 40.Qb1 Bd4 41.Rc1 Nb4 
42.Re1 Nxa2 43.Qxa2 Bc5 44.Qc2 Be8 45.Re2 Bc6 46.Qd3 b6 47.Qf3 e6 48.Qg4 
Bxe4 49.fxe6 Bf5 50.Qf3 Bxe6 51.Rxe5 fxe5 52.Qb7+ Bf7 53.Qe7 Kg6 54.g4 
hxg3+ 55.Kxg3 Rh4 56.Qd7 Rf4 57.Qe7 e4 58.Qd7 Rf3+ 59.Kg2 Rf5 60.h4 gxh4 
61.Kh3 e3 62.Qc6 Re5 63.Qg2+ Kf6 64.Qf3+ Rf5 65.Qe4 Be6 66.Qxh4+ Ke5 67.
Kg2 Rf2+ 68.Kg3 Bf5 69.Qe7+ Kd4 70.b4 axb4 71.Qf6+ Kd3 72.Qa1 b3 73.Qd1+ 
Kxc4 74.a5 b2 75.Qa4+ Kc3 0-1

[Event "30th ECh U20"]
[Site "Baku AZE"]
[Date "2002.07.19"]
[Round "6"]
[White "Aliev, Chingiz"]
[Black "Aliev, Dzavid"]
[Result "1-0"]
[WhiteElo "2213"]
[BlackElo "2320"]
[EventDate "2002.07.14"]
[PlyCount "83"]

1.d4 d5 2.c4 e6 3.Nc3 Nf6 4.Nf3 Be7 5.Bf4 O-O 6.e3 c6 7.h3 Bd6 8.Bxd6 Qxd6
9.Bd3 Nbd7 10.cxd5 exd5 11.Qc2 Re8 12.O-O-O b5 13.g4 Nf8 14.g5 Nh5 15.Ne5 
Rxe5 16.dxe5 Qxe5 17.h4 a6 18.Be2 g6 19.Bxh5 gxh5 20.Ne2 Bf5 21.Qc3 Qd6 
22.Ng3 Bg6 23.Rd2 Ne6 24.f4 b4 25.Qe5 Qxe5 26.fxe5 Re8 27.Kd1 Nd8 28.Ke2 
Rxe5 29.Rc1 Re6 30.Kf2 Nb7 31.Rd4 a5 32.a3 bxa3 33.bxa3 Kg7 34.Ne2 Be4 35.
Nf4 Rd6 36.Nxh5+ Kg6 37.Nf6 Bf5 38.e4 Be6 39.e5 Rd8 40.Rxc6 h6 41.gxh6 
Kxh6 42.Rc7 1-0

[Event "30th ECh U20"]
[Site "Baku AZE"]
[Date "2002.07.19"]
[Round "6"]
[White "Baladiaev, Gara"]
[Black "Laciner, Kerem"]
[Result "1/2-1/2"]
[WhiteElo "2210"]
[BlackElo "2220"]
[EventDate "2002.07.14"]
[PlyCount "133"]

1.d4 Nf6 2.c4 g6 3.g3 Bg7 4.Bg2 O-O 5.Nf3 d6 6.O-O Nc6 7.Nc3 a6 8.b3 Rb8 
9.Bb2 b5 10.cxb5 axb5 11.Rc1 b4 12.Nb1 Na7 13.Nbd2 Nb5 14.Rc4 Nd7 15.Qc2 
c5 16.dxc5 Bxb2 17.Qxb2 dxc5 18.Ne4 Nd6 19.Nxd6 exd6 20.Rd1 Qe7 21.Qd2 Ba6
22.Rh4 Rb6 23.Qh6 f6 24.e3 Bb7 25.Rg4 Ne5 26.Nxe5 fxe5 27.Be4 Bxe4 28.Rxe4
Rf3 29.Qh3 Rb8 30.Qg4 Rbf8 31.Rf4 exf4 32.Qxf3 fxe3 33.Qxe3 Qxe3 34.fxe3 
Rf6 35.e4 Kf7 36.e5 dxe5 37.Rd5 Rc6 38.Rxe5 Kf6 39.Re4 Ra6 40.Re2 Kf5 41.
Kg2 g5 42.h3 h5 43.Kf3 g4+ 44.hxg4+ hxg4+ 45.Kf2 Rh6 46.Kg2 Ra6 47.Kg1 Re6
48.Rc2 Re5 49.Rc4 Re2 50.Rxc5+ Ke4 51.Rc4+ Kf3 52.Rxb4 Kxg3 53.Kf1 Rxa2 
54.Rb8 Ra1+ 55.Ke2 Kg2 56.b4 g3 57.b5 Ra7 58.b6 Re7+ 59.Kd3 Kh1 60.Rh8+ 
Kg1 61.Kc4 g2 62.Rg8 Rf7 63.Kb5 Kf2 64.Ka6 g1=Q 65.Rxg1 Kxg1 66.b7 Rxb7 
67.Kxb7 1/2-1/2

[Event "30th ECh U20"]
[Site "Baku AZE"]
[Date "2002.07.19"]
[Round "6"]
[White "Chkhaidze, Nikoloz"]
[Black "Buckley, Simon"]
[Result "1/2-1/2"]
[WhiteElo "2138"]
[BlackElo "2237"]
[EventDate "2002.07.14"]
[PlyCount "40"]

1.e4 e6 2.d4 d5 3.Nd2 Nf6 4.e5 Nfd7 5.Bd3 c5 6.c3 Nc6 7.Ngf3 Qb6 8.O-O Be7
9.dxc5 Qc7 10.Nb3 Ncxe5 11.Nxe5 Qxe5 12.Be3 Qc7 13.Bb5 O-O 14.Qd4 Bf6 15.
Qd2 b6 16.Bf4 Be5 17.Bxe5 Nxe5 18.cxb6 Qxb6 19.Qe2 Bd7 20.Ba6 Nc6 1/2-1/2

[Event "30th ECh U20"]
[Site "Baku AZE"]
[Date "2002.07.20"]
[Round "7"]
[White "Gashimov, Vugar"]
[Black "Riazantsev, Alexander"]
[Result "1-0"]
[WhiteElo "2470"]
[BlackElo "2537"]
[EventDate "2002.07.14"]
[PlyCount "117"]

1.e4 c6 2.d4 d5 3.Nc3 dxe4 4.Nxe4 Bf5 5.Ng3 Bg6 6.h4 h6 7.Nf3 Nd7 8.h5 Bh7
9.Bd3 Bxd3 10.Qxd3 e6 11.Bd2 Ngf6 12.O-O-O Be7 13.Qe2 O-O 14.Ne5 c5 15.
dxc5 Nxc5 16.Kb1 Qb6 17.Be3 Qc7 18.Bd4 Rfd8 19.Rhe1 Rd5 20.c4 Rd6 21.Rd2 
Rad8 22.Red1 b6 23.Ng4 Nxg4 24.Qxg4 Bf8 25.Be5 Rxd2 26.Rxd2 Qc8 27.Qd1 
Rxd2 28.Qxd2 Qc6 29.f3 b5 30.cxb5 Qxb5 31.Bd4 a5 32.Qe2 Qb4 33.Bc3 Qh4 34.
Nf1 a4 35.g4 Qh1 36.Kc2 Qg1 37.Nd2 Nd7 38.Qc4 a3 39.Qd4 Qxd4 40.Bxd4 axb2 
41.a4 f5 42.a5 Bc5 43.Bxc5 Nxc5 44.Kxb2 Kf7 45.Kc3 Kf6 46.Kc4 Na6 47.Kb5 
Nc7+ 48.Kc6 Na6 49.Nc4 e5 50.gxf5 Kxf5 51.Kb6 Nb8 52.Kb7 Nd7 53.Kc7 Nc5 
54.Nd6+ Ke6 55.Ne4 Na6+ 56.Kb6 Nb4 57.Kb5 Nd5 58.Kc5 Nc7 59.Kc6 1-0

[Event "30th ECh U20"]
[Site "Baku AZE"]
[Date "2002.07.20"]
[Round "7"]
[White "Gozzoli, Yannick"]
[Black "Jakubowski, Krzysztof"]
[Result "1/2-1/2"]
[WhiteElo "2373"]
[BlackElo "2475"]
[EventDate "2002.07.14"]
[PlyCount "77"]

1.Nf3 c5 2.g3 Nc6 3.Bg2 g6 4.O-O Bg7 5.c4 e5 6.Nc3 Nge7 7.d4 cxd4 8.Nb5 
O-O 9.e3 d5 10.cxd5 Nxd5 11.exd4 a6 12.Nc3 exd4 13.Nxd4 Nxd4 14.Nxd5 Be6 
15.Be3 Bxd5 16.Bxd4 Bxd4 17.Qxd4 Bxg2 18.Qxd8 Rfxd8 19.Kxg2 Rd2 20.Rab1 
Rad8 21.a4 R8d4 22.b3 Rb4 23.Rfe1 Rd6 24.Rb2 Rdb6 25.Reb1 g5 26.h3 Kg7 27.
g4 Kg6 28.Kf3 h5 29.Kg3 h4+ 30.Kg2 a5 31.Kh2 Rd4 32.Kg2 Rdb4 33.Kh2 Rd6 
34.Re1 Rd3 35.Re5 b6 36.Rc2 Rd6 37.Re3 Re6 38.Rf3 Rf6 39.Re3 1/2-1/2

[Event "30th ECh U20"]
[Site "Baku AZE"]
[Date "2002.07.20"]
[Round "7"]
[White "Lotscher, Roland"]
[Black "Gasanov, Eldar"]
[Result "0-1"]
[WhiteElo "2288"]
[BlackElo "2471"]
[EventDate "2002.07.14"]
[PlyCount "160"]

1.d4 d5 2.c4 e6 3.Nf3 c6 4.Qc2 f5 5.g3 Nf6 6.Bg2 Bd6 7.O-O O-O 8.b3 Qe7 9.
Bb2 b6 10.Nbd2 Bb7 11.Ne5 Nbd7 12.Ndf3 Rac8 13.Rac1 c5 14.dxc5 Nxc5 15.Qb1
Nce4 16.cxd5 Nxd5 17.Qa1 a5 18.Rxc8 Rxc8 19.Rc1 Rxc1+ 20.Qxc1 Qc7 21.Qxc7 
Bxc7 22.e3 Ndc3 23.a3 Nd1 24.Bd4 Ndxf2 25.Bf1 Nd1 26.Bc4 Bc8 27.Nc6 Kf8 
28.Nfe5 Ndc3 29.Na7 Bb7 30.Bxe6 Ne2+ 31.Kf1 Nxd4 32.exd4 Ke7 33.Bxf5 Nd2+ 
34.Ke2 Nxb3 35.Ke3 Nxd4 36.Kxd4 Kf6 37.Bxh7 Bxe5+ 38.Kc4 Bd6 39.a4 Bc5 40.
Kb5 Bg1 41.h4 Bf2 42.g4 Bf3 43.Bf5 Be2+ 44.Kc6 Bd1 45.Kb5 Bxh4 46.Kxb6 
Bf2+ 47.Ka6 Bxa7 48.Kxa7 Bxa4 49.Kb6 Kg5 50.Kxa5 Bd1 51.Kb4 Bxg4 52.Bd3 
Bf5 53.Be2 Kf4 54.Kc3 Ke3 55.Bd1 g6 56.Ba4 g5 57.Bd1 Be4 58.Bg4 Kf4 59.Bd7
Bf5 60.Ba4 Ke3 61.Bd1 Be4 62.Bg4 Kf4 63.Bd7 Bf5 64.Ba4 g4 65.Kd2 g3 66.Ke1
Bd3 67.Bc6 Ke3 68.Bg2 Be2 69.Bh1 Bd3 70.Bg2 Bc4 71.Bh1 Bb5 72.Bg2 Bd3 73.
Bh3 Kf3 74.Bd7 Kg2 75.Bc6+ Kh2 76.Kd2 Bb5 77.Bd5 Bf1 78.Ke1 Bg2 79.Bc4 Bc6
80.Bf1 Bd7 0-1

[Event "30th ECh U20"]
[Site "Baku AZE"]
[Date "2002.07.20"]
[Round "7"]
[White "Teterev, Vitaly"]
[Black "Aroshidze, Levan"]
[Result "1/2-1/2"]
[WhiteElo "2342"]
[BlackElo "2345"]
[EventDate "2002.07.14"]
[PlyCount "150"]

1.e4 c5 2.Nf3 e6 3.d3 Nc6 4.g3 Nge7 5.Bg2 g6 6.O-O Bg7 7.Re1 O-O 8.e5 d6 
9.exd6 Qxd6 10.Nc3 b6 11.Bf4 Qd8 12.Ne5 Bb7 13.Nc4 Qd7 14.a4 Nd4 15.f3 Nd5
16.Bd2 Nb4 17.Rc1 Rad8 18.b3 Qc6 19.Rf1 f5 20.Ne2 Qd7 21.Nxd4 Qxd4+ 22.Be3
Qd7 23.f4 Bxg2 24.Kxg2 Na2 25.Ra1 Bxa1 26.Qxa1 Nb4 27.Rf2 a6 28.Kg1 Nd5 
29.Bc1 b5 30.Ne5 Qb7 31.Bb2 Nb4 32.axb5 axb5 33.Qe1 Nd5 34.Nf3 Qe7 35.Re2 
Rd6 36.Ng5 Re8 37.h4 h6 38.Nf3 b4 39.Ne5 Kh7 40.Qf2 Ra6 41.Nc4 Nc3 42.Re1 
g5 43.hxg5 hxg5 44.fxg5 Qxg5 45.Bc1 Qg4 46.Bf4 Kg8 47.Ne5 Qh3 48.Nd7 Nd5 
49.Be5 Ra7 50.Nxc5 Rh7 51.Qg2 Qxg2+ 52.Kxg2 Ra7 53.Kf3 Ra2 54.Re2 Kf7 55.
g4 fxg4+ 56.Kxg4 Rxc2 57.Rxc2 Ne3+ 58.Kf4 Nxc2 59.Ke4 Rg8 60.d4 Rg4+ 61.
Kd3 Ne1+ 62.Ke2 Rg1 63.Na6 Nc2 64.Kd3 Rg2 65.Kc4 Ke7 66.Nxb4 Nxb4 67.Kxb4 
Kd7 68.Kb5 Kc8 69.Kc6 Rb2 70.Kd6 Rxb3 71.Kxe6 Rb6+ 72.Ke7 Rb7+ 73.Ke6 Kd8 
74.Bf6+ Kc7 75.Be5+ Kd8 1/2-1/2

[Event "30th ECh U20"]
[Site "Baku AZE"]
[Date "2002.07.20"]
[Round "7"]
[White "Krupenski, Juri"]
[Black "Tahirov, Farhad"]
[Result "1-0"]
[WhiteElo "2240"]
[BlackElo "2363"]
[EventDate "2002.07.14"]
[PlyCount "47"]

1.d4 d5 2.c4 e6 3.Nc3 c6 4.e4 dxe4 5.Nxe4 Bb4+ 6.Bd2 Qxd4 7.Bxb4 Qxe4+ 8.
Be2 Qxg2 9.Bf3 Qg5 10.Ne2 Ne7 11.Rg1 Qf6 12.Nc3 Nf5 13.Ne4 Qe5 14.Kf1 Nd7 
15.Rg5 c5 16.Bc3 Qc7 17.Rxf5 exf5 18.Nd6+ Kf8 19.Qd2 f6 20.Re1 Ne5 21.Bxe5
fxe5 22.Rxe5 Bd7 23.Qd5 Be8 24.Nxe8 1-0

[Event "30th ECh U20"]
[Site "Baku AZE"]
[Date "2002.07.20"]
[Round "7"]
[White "Buckley, Simon"]
[Black "Kanep, Meelis"]
[Result "0-1"]
[WhiteElo "2237"]
[BlackElo "2358"]
[EventDate "2002.07.14"]
[PlyCount "80"]

1.e4 c5 2.Nc3 Nc6 3.g3 g6 4.Bg2 Bg7 5.d3 d6 6.Be3 Nd4 7.Qd2 Qa5 8.a3 Rb8 
9.Rb1 Nf6 10.h3 O-O 11.Nge2 e5 12.f4 Nh5 13.g4 Nxe2 14.Nxe2 Qxd2+ 15.Kxd2 
exf4 16.Nxf4 Nxf4 17.Bxf4 Be5 18.Be3 b5 19.b4 c4 20.Bxa7 Ra8 21.Be3 cxd3 
22.cxd3 Rxa3 23.Rbc1 Bb7 24.d4 Bg7 25.Ra1 Rxa1 26.Rxa1 f5 27.gxf5 gxf5 28.
Ra7 Bxe4 29.Bxe4 fxe4 30.Rd7 Rf6 31.Re7 Rf3 32.h4 Bxd4 33.Bh6 d5 34.Rb7 
Rf2+ 35.Kd1 Rf6 36.Bg5 Rf1+ 37.Ke2 Rf2+ 38.Kd1 Bc3 39.Rd7 d4 40.Bh6 Rf6 
0-1

[Event "30th ECh U20"]
[Site "Baku AZE"]
[Date "2002.07.20"]
[Round "7"]
[White "Gashimov, Sarkhan"]
[Black "Cernousek, Lukas"]
[Result "1-0"]
[WhiteElo "2262"]
[BlackElo "2294"]
[EventDate "2002.07.14"]
[PlyCount "128"]

1.Nf3 Nf6 2.b3 g6 3.Bb2 Bg7 4.e3 O-O 5.c4 d6 6.d4 Nbd7 7.Be2 e5 8.dxe5 Ng4
9.Qc2 Ngxe5 10.Nfd2 Nc5 11.O-O a5 12.Nc3 Re8 13.Rad1 Be6 14.Nb5 Qe7 15.f4 
Bg4 16.Rde1 Ned3 17.Bxd3 Nxd3 18.Qxd3 Bxb2 19.e4 Bc8 20.Nc3 c6 21.Qc2 Ba3 
22.Na4 b5 23.cxb5 cxb5 24.Nc3 Qc7 25.Qd3 Bb7 26.Kh1 Qc5 27.Nd5 Bb2 28.Rb1 
Bxd5 29.Rxb2 Bb7 30.Rc2 Qb6 31.f5 d5 32.fxg6 hxg6 33.Qf3 Re7 34.exd5 Rd8 
35.Ne4 f5 36.Ng5 Rxd5 37.Rc8+ Bxc8 38.Qxd5+ Kg7 39.Qd2 Bb7 40.Qb2+ Qf6 41.
Qd2 b4 42.h4 Qe5 43.Rd1 Bc6 44.Qd6 Qe2 45.Qd4+ Kg8 46.Rd2 Qe1+ 47.Kh2 Qe5+
48.Qxe5 Rxe5 49.Rd6 Bd5 50.Rxg6+ Kf8 51.Nh3 a4 52.Nf4 axb3 53.axb3 Bxb3 
54.h5 Bg8 55.Rb6 Re4 56.g3 b3 57.Kh3 Re3 58.Rb7 Bf7 59.h6 Re8 60.Kh4 Kg8 
61.Kg5 Rf8 62.Nd3 Kh8 63.Ne5 Rg8+ 64.Kxf5 Bd5 1-0

[Event "30th ECh U20"]
[Site "Baku AZE"]
[Date "2002.07.20"]
[Round "7"]
[White "Aliev, Dzavid"]
[Black "Baladiaev, Gara"]
[Result "0-1"]
[WhiteElo "2320"]
[BlackElo "2210"]
[EventDate "2002.07.14"]
[PlyCount "62"]

1.e4 c5 2.Nf3 d6 3.d4 cxd4 4.Nxd4 Nf6 5.Nc3 a6 6.a4 e6 7.Be3 Be7 8.Nb3 O-O
9.a5 Nbd7 10.Qf3 Nc5 11.Be2 e5 12.Bxc5 dxc5 13.Qe3 Qc7 14.Na4 c4 15.Nb6 
cxb3 16.Nxa8 Qxc2 17.f3 Bb4+ 18.Kf1 Qxb2 19.Kf2 Qc2 20.Rac1 Bd2 21.Qd3 
Qxd3 22.Bxd3 Bxc1 23.Rxc1 Be6 24.Nb6 Rd8 25.Ke3 g6 26.Rb1 Rd4 27.Rb2 Nd7 
28.Nxd7 Rxd7 29.Bb1 Rc7 30.Rd2 Rc1 31.Bd3 Ra1 0-1

[Event "30th ECh U20"]
[Site "Baku AZE"]
[Date "2002.07.20"]
[Round "7"]
[White "Mamedov, Rauf"]
[Black "Chkhaidze, Nikoloz"]
[Result "1-0"]
[WhiteElo "2358"]
[BlackElo "2138"]
[EventDate "2002.07.14"]
[PlyCount "75"]

1.e4 e5 2.Nf3 Nc6 3.d4 exd4 4.Nxd4 Nf6 5.Nxc6 bxc6 6.e5 Qe7 7.Qe2 Nd5 8.c4
Ba6 9.b3 g6 10.g3 Bg7 11.Bb2 O-O 12.Bg2 Rfe8 13.O-O Nb6 14.Re1 d5 15.Nd2 
Rab8 16.Rac1 c5 17.Ba1 d4 18.f4 f6 19.e6 f5 20.a4 Nc8 21.Qd3 Bb7 22.Bxb7 
Rxb7 23.Bb2 Rb6 24.Ba3 Rc6 25.Nf3 Nd6 26.Nd2 Nc8 27.Qf3 Qd6 28.b4 Rxe6 29.
b5 Rb6 30.Nb3 Rb8 31.Bxc5 Rxe1+ 32.Rxe1 Qd7 33.Kg2 a6 34.Na5 axb5 35.axb5 
Nd6 36.Nc6 Rf8 37.Re7 Qc8 38.Qd5+ 1-0

[Event "30th ECh U20"]
[Site "Baku AZE"]
[Date "2002.07.20"]
[Round "7"]
[White "Esen, Baris"]
[Black "Laciner, Kerem"]
[Result "1/2-1/2"]
[WhiteElo "2189"]
[BlackElo "2220"]
[EventDate "2002.07.14"]
[PlyCount "47"]

1.e4 c5 2.Nf3 d6 3.d4 cxd4 4.Nxd4 Nf6 5.Nc3 a6 6.Bg5 e6 7.f4 Be7 8.Qf3 Qc7
9.O-O-O Nbd7 10.g4 b5 11.Bxf6 Nxf6 12.g5 Nd7 13.f5 Bxg5+ 14.Kb1 Ne5 15.Qh5
Qe7 16.Nxe6 Bxe6 17.fxe6 g6 18.exf7+ Kxf7 19.Qe2 Kg7 20.Nd5 Qf7 21.h4 Bf6 
22.h5 Rhf8 23.Bh3 Bh4 24.hxg6 1/2-1/2

[Event "30th ECh U20"]
[Site "Baku AZE"]
[Date "2002.07.21"]
[Round "8"]
[White "Izoria, Zviad"]
[Black "Guseinov, Gadir"]
[Result "1-0"]
[WhiteElo "2565"]
[BlackElo "2510"]
[EventDate "2002.07.14"]
[PlyCount "67"]

1.d4 Nf6 2.c4 g6 3.Nf3 Bg7 4.g3 O-O 5.Bg2 d6 6.O-O Nbd7 7.Nc3 e5 8.h3 Re8 
9.e4 exd4 10.Nxd4 Nc5 11.Re1 a5 12.Ndb5 Nfd7 13.Be3 Ne5 14.Bf1 Be6 15.b3 
a4 16.Rc1 axb3 17.axb3 f5 18.f4 Ned7 19.exf5 Bxf5 20.g4 Be6 21.Bg2 Rb8 22.
Bf2 Nf8 23.Nd5 Na6 24.Ndxc7 Nxc7 25.Bb6 Rc8 26.Nxd6 Qd7 27.Nxe8 Qxd1 28.
Rcxd1 Nxe8 29.Rd8 Rxd8 30.Bxd8 Bd4+ 31.Kf1 b6 32.Rxe6 Nxe6 33.Bd5 Kf7 34.
f5 1-0

[Event "30th ECh U20"]
[Site "Baku AZE"]
[Date "2002.07.21"]
[Round "8"]
[White "Jakubowski, Krzysztof"]
[Black "Gaprindashvili, Valerian"]
[Result "0-1"]
[WhiteElo "2475"]
[BlackElo "2471"]
[EventDate "2002.07.14"]
[PlyCount "136"]

1.e4 e6 2.d4 d5 3.Nc3 dxe4 4.Nxe4 Nd7 5.Nf3 Ngf6 6.Nxf6+ Nxf6 7.Bc4 c5 8.
O-O cxd4 9.Qe2 a6 10.Rd1 b5 11.Nxd4 Qb6 12.Bd3 Bc5 13.Nb3 Bd6 14.a4 b4 15.
Bg5 Qc7 16.g3 Be5 17.Be4 Rb8 18.Bc6+ Qxc6 19.Qxe5 Bb7 20.f3 Rc8 21.Nd4 Qc5
22.Bxf6 gxf6 23.Qxf6 Rg8 24.Kg2 Qg5 25.Qxg5 Rxg5 26.Rd2 Rd5 27.Rad1 Ra5 
28.Nb3 Rxa4 29.Nc5 Bxf3+ 30.Kxf3 Rxc5 31.Rd8+ Ke7 32.R8d7+ Kf8 33.R1d4 Ra1
34.Rxb4 Rxc2 35.Kg4 Rf1 36.h3 Rf5 37.Rdb7 Kg7 38.Kh4 Rcc5 39.g4 Rf3 40.Rb3
Rxb3 41.Rxb3 Rb5 42.Ra3 a5 43.Ra1 Kg6 44.Ra3 f6 45.Re3 e5 46.b3 Rb4 47.Rf3
h5 48.Kg3 hxg4 49.hxg4 Rd4 50.Kh4 Rf4 51.Rc3 Rf1 52.Rc8 Rh1+ 53.Kg3 Rb1 
54.Rg8+ Kh6 55.Rh8+ Kg6 56.Rg8+ Kf7 57.Rb8 a4 58.b4 a3 59.Ra8 Rb3+ 60.Kh4 
Ke6 61.Ra6+ Ke7 62.b5 Rf3 63.g5 fxg5+ 64.Kxg5 Kd7 65.Kg4 e4 66.Rc6 a2 67.
Ra6 Rf2 68.Kg3 e3 0-1

[Event "30th ECh U20"]
[Site "Baku AZE"]
[Date "2002.07.21"]
[Round "8"]
[White "Riazantsev, Alexander"]
[Black "Mamedov, Rauf"]
[Result "1-0"]
[WhiteElo "2537"]
[BlackElo "2358"]
[EventDate "2002.07.14"]
[PlyCount "109"]

1.d4 Nf6 2.c4 g6 3.Nc3 Bg7 4.e4 d6 5.f3 O-O 6.Be3 Nc6 7.Nge2 a6 8.Qd2 Rb8 
9.Rc1 Re8 10.g3 h5 11.Bg2 Bd7 12.Nd1 Nh7 13.O-O e6 14.Nf2 h4 15.f4 hxg3 
16.hxg3 Ne7 17.Bf3 f5 18.Rfd1 fxe4 19.Nxe4 Nf5 20.Bf2 b6 21.N4c3 Qe7 22.
Kg2 Rf8 23.Rh1 c5 24.Rcd1 Rbd8 25.Qd3 Qf7 26.dxc5 dxc5 27.Ne4 Bc6 28.Qxd8 
Rxd8 29.Rxd8+ Nf8 30.Ng5 Bxf3+ 31.Nxf3 Qb7 32.Rd2 Qe4 33.b3 g5 34.fxg5 Ng6
35.Re1 Ne5 36.Ng1 Qa8 37.Rde2 Nxf3 38.Nxf3 e5 39.g4 Ne7 40.Bg3 Ng6 41.Re4 
a5 42.a4 Kh7 43.R1e3 Qd8 44.Bxe5 Bxe5 45.Nxe5 Qd2+ 46.Kg3 Qd6 47.Kh3 Qd1 
48.Nxg6 Kxg6 49.Re6+ Kg7 50.g6 Qf1+ 51.Kh4 Qf4 52.Kh3 Qf1+ 53.Kg3 Qg1+ 54.
Kf4 Kh6 55.Rh3+ 1-0

[Event "30th ECh U20"]
[Site "Baku AZE"]
[Date "2002.07.21"]
[Round "8"]
[White "Gasanov, Eldar"]
[Black "Gozzoli, Yannick"]
[Result "1/2-1/2"]
[WhiteElo "2471"]
[BlackElo "2373"]
[EventDate "2002.07.14"]
[PlyCount "58"]

1.e4 Nf6 2.e5 Nd5 3.d4 d6 4.Nf3 g6 5.Bc4 Nb6 6.Bb3 Bg7 7.a4 dxe5 8.a5 N6d7
9.dxe5 Nxe5 10.Qxd8+ Kxd8 11.Nxe5 Bxe5 12.Bxf7 e6 13.Bg5+ Kd7 14.Ra3 h6 
15.Bc1 g5 16.h4 Ke7 17.Bh5 gxh4 18.Rf3 Bd7 19.Rf7+ Kd8 20.Rxh4 Nc6 21.Be2 
Ke8 22.Bh5 Kd8 23.Be2 Ke8 24.Bh5 Kd8 25.Bd1 Ke8 26.Rf3 Ke7 27.Rxh6 Rxh6 
28.Bxh6 Rg8 29.g3 Nxa5 1/2-1/2

[Event "30th ECh U20"]
[Site "Baku AZE"]
[Date "2002.07.21"]
[Round "8"]
[White "Stellwagen, Daniel"]
[Black "Kanep, Meelis"]
[Result "0-1"]
[WhiteElo "2464"]
[BlackElo "2358"]
[EventDate "2002.07.14"]
[PlyCount "92"]

1.e4 c5 2.Nf3 d6 3.d4 cxd4 4.Nxd4 Nf6 5.Nc3 a6 6.f4 Nbd7 7.Bd3 g6 8.Nf3 
Bg7 9.O-O O-O 10.a4 Qc7 11.Qe1 b6 12.Kh1 Bb7 13.Bd2 e5 14.Qh4 d5 15.exd5 
Nxd5 16.f5 Nxc3 17.Bxc3 Qc6 18.Rae1 Bf6 19.Qg4 Rae8 20.Be4 Qc7 21.Bxb7 
Qxb7 22.Nd2 Qc6 23.Ne4 Be7 24.Qf3 f6 25.Qg4 Kh8 26.Re3 Rg8 27.Rh3 gxf5 28.
Qxf5 Rg7 29.Rg3 Reg8 30.Rf2 Qxa4 31.Rxg7 Rxg7 32.h3 Qc6 33.Kh2 Rg6 34.b4 
Nf8 35.h4 Ne6 36.h5 Rh6 37.g4 Ng7 38.Qf3 f5 39.Bxe5 Qxe4 40.Qc3 Qxe5+ 41.
Qxe5 Bd6 42.Rxf5 Bxe5+ 43.Rxe5 Rc6 44.Kg3 h6 45.b5 axb5 46.Rxb5 Ne6 0-1

[Event "30th ECh U20"]
[Site "Baku AZE"]
[Date "2002.07.21"]
[Round "8"]
[White "Cernousek, Lukas"]
[Black "Werle, Jan"]
[Result "0-1"]
[WhiteElo "2294"]
[BlackElo "2443"]
[EventDate "2002.07.14"]
[PlyCount "74"]

1.e4 e6 2.d4 d5 3.e5 c5 4.c3 Nc6 5.Nf3 Bd7 6.Bd3 Qb6 7.dxc5 Bxc5 8.Qe2 a5 
9.O-O Nge7 10.Nbd2 Ng6 11.Nb3 Be7 12.Nbd4 Nxd4 13.Nxd4 O-O 14.Re1 Bc5 15.
Qg4 Qc7 16.Qh5 f5 17.exf6 Rxf6 18.Bg5 Rf7 19.Bh4 Nf8 20.Nf3 g6 21.Qh6 Bd6 
22.Qe3 e5 23.Nxe5 Re8 24.Bg3 Rfe7 25.Qd4 Rxe5 26.Bxe5 Rxe5 27.Rxe5 Bxe5 
28.Qxd5+ Be6 29.Qe4 Bxh2+ 30.Kh1 Bd6 31.a4 Qc5 32.Qe2 Qg5 33.Kg1 Qh4 34.g3
Bxg3 35.fxg3 Qxg3+ 36.Kh1 Bg4 37.Bc4+ Kh8 0-1

[Event "30th ECh U20"]
[Site "Baku AZE"]
[Date "2002.07.21"]
[Round "8"]
[White "Mastrovasilis, Dimitrios"]
[Black "Buckley, Simon"]
[Result "1-0"]
[WhiteElo "2462"]
[BlackElo "2237"]
[EventDate "2002.07.14"]
[PlyCount "115"]

1.e4 e6 2.d4 d5 3.Nc3 Bb4 4.e5 c5 5.Bd2 Ne7 6.a3 Bxc3 7.Bxc3 Nbc6 8.Nf3 
cxd4 9.Bxd4 Nf5 10.c3 Bd7 11.Be2 Rc8 12.O-O Ncxd4 13.Nxd4 Nxd4 14.Qxd4 Qa5
15.Qb4 Qc7 16.f4 Qc5+ 17.Rf2 Rc7 18.Rd1 a5 19.Qxc5 Rxc5 20.Rd4 Ke7 21.Bd3 
f6 22.h4 b5 23.Rf3 f5 24.h5 Rb8 25.g4 fxg4 26.Rg3 b4 27.axb4 axb4 28.cxb4 
Rc1+ 29.Kf2 Bb5 30.Bxh7 Rf1+ 31.Kg2 Rc8 32.Rc3 Rxc3 33.bxc3 Rf3 34.Rd1 
Rxc3 35.Ra1 Rb3 36.Ra7+ Kf8 37.f5 Bd3 38.Ra8+ Ke7 39.h6 gxh6 40.f6+ Kf7 
41.Ra7+ Kf8 42.Ra8+ Kf7 43.Bg8+ Kg6 44.Bxe6 Be4+ 45.Kf1 Rf3+ 46.Ke2 g3 47.
Rg8+ Kh7 48.Rg7+ Kh8 49.Rg8+ Kh7 50.f7 g2 51.Rxg2 Rxf7 52.Bxf7 Bxg2 53.Bh5
Bh3 54.b5 Kg7 55.Ke3 Kf8 56.b6 Bc8 57.Bf3 Bb7 58.Kd4 1-0

[Event "30th ECh U20"]
[Site "Baku AZE"]
[Date "2002.07.21"]
[Round "8"]
[White "Aroshidze, Levan"]
[Black "Lotscher, Roland"]
[Result "1/2-1/2"]
[WhiteElo "2345"]
[BlackElo "2288"]
[EventDate "2002.07.14"]
[PlyCount "134"]

1.e4 c5 2.Nf3 d6 3.d4 cxd4 4.Nxd4 Nf6 5.Nc3 g6 6.Be3 Bg7 7.f3 O-O 8.Qd2 
Nc6 9.Bc4 Bd7 10.O-O-O Rc8 11.Bb3 Ne5 12.h4 h5 13.Bh6 Nc4 14.Bxc4 Rxc4 15.
Bxg7 Kxg7 16.Kb1 Qa5 17.Nb3 Qc7 18.g4 Rxc3 19.bxc3 hxg4 20.h5 gxf3 21.hxg6
fxg6 22.Rdg1 Rg8 23.Rg3 Nxe4 24.Qh6+ Kf7 25.Rxf3+ Nf6 26.Rhf1 Bg4 27.Rg3 
Be6 28.Rfg1 Bf5 29.Nd4 Be4 30.Rf1 Qc4 31.Rf4 Bd5 32.Kc1 e5 33.Qh7+ Rg7 34.
Qxg7+ Kxg7 35.Nf5+ Kh7 36.Rxc4 Bxc4 37.Nxd6 Bd5 38.c4 Bc6 39.Nf7 e4 40.Nd8
Kh6 41.Nxc6 bxc6 42.Ra3 g5 43.Rxa7 g4 44.Kd2 g3 45.Ra3 Nh5 46.Re3 g2 47.
Re1 Kg5 48.Rg1 Nf4 49.Ke3 Kg4 50.Kxe4 Kg3 51.a4 Ne6 52.Ke5 Nc5 53.a5 Kf2 
54.Ra1 g1=Q 55.Rxg1 Kxg1 56.Kd6 Nb7+ 57.Kxc6 Nxa5+ 58.Kb5 Nb7 59.c5 Kf2 
60.Kc6 Na5+ 61.Kb5 Nb7 62.Kb6 Nd8 63.Kc7 Nf7 64.c6 Ke3 65.Kd7 Ne5+ 66.Kd6 
Nxc6 67.Kxc6 Kd4 1/2-1/2

[Event "30th ECh U20"]
[Site "Baku AZE"]
[Date "2002.07.21"]
[Round "8"]
[White "Laciner, Kerem"]
[Black "Aliev, Dzavid"]
[Result "1-0"]
[WhiteElo "2220"]
[BlackElo "2320"]
[EventDate "2002.07.14"]
[PlyCount "103"]

1.d4 d5 2.c4 e6 3.Nf3 Nf6 4.g3 c6 5.Bg2 Bd6 6.Qc2 Nbd7 7.O-O Nf8 8.b3 Ng6 
9.Nc3 Qc7 10.Bb2 h5 11.c5 Be7 12.h4 Ng4 13.e4 Bd7 14.b4 f5 15.e5 Nf8 16.
Bc1 Nh7 17.Rb1 Qd8 18.Qd2 Nh6 19.b5 Nf7 20.bxc6 bxc6 21.Ne2 g5 22.hxg5 
Nhxg5 23.Nf4 Nxf3+ 24.Bxf3 Bg5 25.Qe2 h4 26.Ng6 Rh6 27.Bh5 Bxc1 28.Rfxc1 
Qg5 29.Nf4 hxg3 30.fxg3 Qxg3+ 31.Qg2 Qxg2+ 32.Kxg2 Rh7 33.Rb7 Rg7+ 34.Kf2 
Kd8 35.Bxf7 Rxf7 36.Rh1 Kc8 37.Rb3 Kc7 38.Rh6 Re8 39.Rg3 Bc8 40.Rgg6 Rfe7 
41.Ke3 Kb7 42.Nh5 Kb8 43.Kf4 Kb7 44.Kg5 Rf8 45.Rg7 Rxg7+ 46.Nxg7 Rg8 47.
Kf6 f4 48.Kf7 Rd8 49.Rf6 Rh8 50.Nxe6 Bxe6+ 51.Kxe6 Kc7 52.Rf7+ 1-0

[Event "30th ECh U20"]
[Site "Baku AZE"]
[Date "2002.07.21"]
[Round "8"]
[White "Baladiaev, Gara"]
[Black "Esen, Baris"]
[Result "0-1"]
[WhiteElo "2210"]
[BlackElo "2189"]
[EventDate "2002.07.14"]
[PlyCount "98"]

1.d4 d5 2.c4 c6 3.Nf3 Nf6 4.Nc3 dxc4 5.a4 c5 6.d5 Bf5 7.e3 e6 8.Bxc4 exd5 
9.Nxd5 Nc6 10.O-O Be7 11.Qb3 O-O 12.Rd1 Nxd5 13.Bxd5 Qc7 14.e4 Bg4 15.Re1 
Nb4 16.Bc4 Bxf3 17.gxf3 Bd6 18.h3 Bf4 19.Bxf4 Qxf4 20.Rad1 Rae8 21.Qe3 Qc7
22.Re2 Rd8 23.Red2 Nc2 24.Qg5 Nd4 25.Qe3 Rd6 26.f4 Qd7 27.f5 Nf3+ 28.Qxf3 
Rxd2 29.Rc1 Rxb2 30.e5 Kh8 31.f6 Rg8 32.Kh1 Rd2 33.fxg7+ Kxg7 34.e6 Qc6 
35.Qxc6 bxc6 36.Rg1+ Kh8 37.exf7 Rxg1+ 38.Kxg1 Kg7 39.Kf1 Rd4 40.Bb3 c4 
41.Bc2 Rh4 42.Kg2 Kxf7 43.Kg3 Rh6 44.Kg4 Kg7 45.h4 Rd6 46.Kf3 Rd4 47.Be4 
c3 48.a5 Rxe4 49.Kxe4 c2 0-1